000 00506nam a2200181Ia 4500
005 20250508152405.0
008 008 250505s9999 xx 000 0 hin d
037 _aTextual
040 _aFEDL
_beng
_cFEDL
041 _ahin
_2eng
084 _a891.431, BHA
_qFEDL
100 _aBhatnagar Ram Ratna
_9755861
245 0 _aPrasad sahitya aur samiksha
260 _aDelhi, India
_bSahitya Prakashan
_c1958
300 _a246p.
942 _cTEXL
_h891.431, BHA
999 _c1336125
_d1336125